|
|
|
|
| LEADER |
01112cam a2200277 7i4500 |
| 001 |
0000057010 |
| 005 |
20210112090000.0 |
| 020 |
|
|
|a 9781783263394 (electronic book)
|
| 090 |
0 |
0 |
|a QC762.6.M34
|b E44 2014
|
| 245 |
0 |
0 |
|a Electro-magnetic tissue properties MRI
|c Jin Keun Seo [and three others].
|
| 260 |
|
|
|a London:
|b Imperial College Press,
|c 2014.
|
| 300 |
|
|
|a 1 online resource (277 pages):
|b colour illustrations, text file, PDF.
|
| 336 |
|
|
|a text
|2 rdacontent
|
| 337 |
|
|
|a computer
|2 rdamedia
|
| 338 |
|
|
|a online resource
|2 rdacarrier
|
| 490 |
0 |
|
|a Modelling and simulation in medical imaging;
|v v. 1
|
| 650 |
|
0 |
|a Tissues --
|x Magnetic resonance imaging
|
| 650 |
|
0 |
|a Electromagnetism
|
| 650 |
|
0 |
|a Magnetic resonance imaging --
|x Mathematical models
|
| 650 |
|
0 |
|a Diagnostic imaging
|
| 655 |
|
0 |
|a Electronic books
|
| 700 |
1 |
|
|a Seo, Jin Kuen
|
| 856 |
4 |
2 |
|u http://library.unisel.edu.my/equip-unisel/custom/ebook_catalog/ebook/Electro-magnetictissuepropertiesMRI.pdf
|
| 997 |
|
|
|a Health Sciences, Faculty
|
| 998 |
|
|
|a Medical Imaging, Diploma
|
| 999 |
|
|
|a EBO0003311
|b EBOOK
|c EBOOK
|e Electronic resources
|